| 000 | 00704nam a2200265Ia 4500 | ||
|---|---|---|---|
| 003 | OSt | ||
| 005 | 20220912150954.0 | ||
| 006 | a|||||r|||| 00| 0 | ||
| 007 | ta | ||
| 008 | 220909b |||||||| |||| 00| 0 eng d | ||
| 024 | _a44795 | ||
| 037 | _cTextual | ||
| 040 |
_aCSL _beng _cCSL |
||
| 041 | _aeng | ||
| 082 | _aH, L62 | ||
| 100 | _aCazeau C J | ||
| 245 | 0 | _aPhysical geology: Principles, processes and problems | |
| 260 |
_aNew York _b Harper & Row _c1976 |
||
| 300 |
_ax,518p. _ccm. |
||
| 650 | _aGeology | ||
| 700 | _a Hatcher R D | ||
| 700 | _a Siemankowski F T | ||
| 942 |
_hH, L62 _cTEXL _2CC |
||
| 999 |
_c58597 _d58597 |
||